000 00323nam a22001457a 4500
008 210602b ||||| |||| 00| 0 eng d
020 _a9781269331012
041 _aeng
080 _a311
082 _a311
100 _a55
101 _aSTA
245 _aStatistics for Business and Economics
_cBenson
942 _2udc
_cBK
999 _c57913
_d57913